[Event "World Youth Girl U14 2016"]
[Site "Khanty-Mansiysk RUS"]
[Date "2016.09.26"]
[Round "5.31"]
[White "Kvamme, Ingrid Jodre"]
[Black "Gomes, Maria Eduarda"]
[Result "0-1"]
[WhiteElo "1450"]
[BlackElo "1569"]
[WhiteFideId "1516981"]
[BlackFideId "2158957"]
[EventDate "2016.09.22"]

1. Nf3 Nf6 2. c4 g6 3. g3 Bg7 4. Bg2 O-O 5. O-O d6 6. Nc3 c6 7. d3 a5 8. a3 Na6
9. Rb1 e5 10. b4 axb4 11. axb4 h6 12. b5 Nc5 13. bxc6 bxc6 14. Be3 Ne6 15. Qc2
Nh5 16. Rb4 Bd7 17. Rfb1 f5 18. Rb7 Qe8 19. Na4 f4 20. Bd2 g5 21. Nb6 Rd8 22.
Nxd7 Rxd7 23. Qa2 Rxb7 24. Rxb7 Kh8 25. Qa7 g4 26. Ne1 Nd4 27. Bf1 Qg6 28. Rb8
Qf6 29. Rxf8+ Qxf8 30. Qd7 Nf6 31. Qc7 fxg3 32. hxg3 c5 33. Bc3 Ne6 34. Qb7 Ng5
35. Nc2 h5 36. Ne3 Ne8 37. Be1 Nf6 38. Nd5 Ne6 39. Bg2 Nd8 40. Qb6 Ne6 41. Nxf6
Bxf6 42. Bd2 Nd4 43. Kf1 h4 44. gxh4 Bxh4 45. Be1 Nc2 46. Qb1 Bxf2 47. Bxf2 g3
48. Kg1 Qxf2+ 49. Kh1 Kg7 50. Qb7+ Kh6 51. Qf3 Qxf3 52. Bxf3 Ne3 53. Kg1 Kg5 54.
Kh1 Kf4 55. Kg1 Nf5 56. Kf1 Ke3 57. Be4 Nd4 58. Kg2 Nxe2 59. Kf1 Nf4 60. Kg1
Nxd3 0-1

[Event "World Youth Girl U14 2016"]
[Site "Khanty-Mansiysk RUS"]
[Date "2016.09.26"]
[Round "5.32"]
[White "Akulova, Alicia"]
[Black "Bitkova, Elizavetta"]
[Result "1-0"]
[WhiteElo "1563"]
[BlackElo "1415"]
[WhiteFideId "242861"]
[BlackFideId "4506014"]
[EventDate "2016.09.22"]

1. e4 e6 2. d4 d5 3. Nc3 Nf6 4. Bg5 Be7 5. e5 Nfd7 6. h4 h6 7. Qh5 g6 8. Bxe7
Qxe7 9. Qe2 Qb4 10. O-O-O Nc6 11. Qe3 Na5 12. h5 g5 13. f4 Nb6 14. b3 gxf4 15.
Qf3 Nc6 16. Nb5 Kd8 17. Qxf4 Qe7 18. Rh3 a6 19. Nc3 Bd7 20. Rf3 Be8 21. Be2 Nd7
22. Nh3 a5 23. Kb1 Qb4 24. g4 a4 25. Nb5 Qa5 26. Qd2 axb3 27. Qxa5 bxc2+ 28.
Kxc2 Rxa5 29. Kb3 Nb6 30. g5 hxg5 31. Nxg5 Rxh5 32. Nxf7+ Bxf7 33. Rxf7 Rh3+ 34.
Kb2 Nd7 35. Rg1 Rh8 36. Rgg7 Nf8 37. Nxc7 Nxd4 38. Bg4 Rc5 39. Ka3 Rc4 40. Re7
Ng6 41. Nxe6+ Nxe6 42. Rd7+ Ke8 43. Bxe6 Nxe5 44. Rxd5 Nc6 45. Rxb7 Rc2 46. Bd7+
Kf8 47. Bxc6 Rxc6 48. Rd8# 1-0

[Event "World Youth Girl U14 2016"]
[Site "Khanty-Mansiysk RUS"]
[Date "2016.09.26"]
[Round "5.33"]
[White "Idirisinghe, I M N H"]
[Black "Oberholzer, Imarie"]
[Result "0-1"]
[BlackTitle "WFM"]
[WhiteElo "1436"]
[BlackElo "1512"]
[WhiteFideId "9915478"]
[BlackFideId "14306506"]
[EventDate "2016.09.22"]

1. e4 c5 2. Nf3 d6 3. Bb5+ Bd7 4. Bxd7+ Qxd7 5. O-O Nc6 6. c3 Nf6 7. Re1 e6 8.
d4 cxd4 9. cxd4 d5 10. e5 Ne4 11. Nc3 Nxc3 12. bxc3 Be7 13. Rb1 O-O 14. Bg5 h6
15. Bd2 Na5 16. Kh1 Nc4 17. Bf4 f6 18. exf6 Bxf6 19. Qe2 Rae8 20. Bg3 b6 21. Qd3
Nd6 22. Be5 Ne4 23. Rb2 Qc8 24. Bxf6 Rxf6 25. Rc2 Qc7 26. Kg1 Ref8 27. Qe3 Qf4
28. Qxf4 Rxf4 29. Ree2 Rc8 30. Re3 Rf7 31. Ne1 Rfc7 32. f3 Rxc3 33. Rexc3 Nxc3
34. Nd3 Rc7 35. a4 a5 36. Nf4 Rc4 37. Nxe6 Nxa4 38. Rd2 b5 39. Nf4 Nb6 40. Rb2
b4 41. Rd2 a4 42. Ne2 b3 43. Rb2 Rc2 44. Rxc2 bxc2 45. Kf2 a3 46. Nc1 Na4 47.
Ke2 Nc3+ 48. Kd2 a2 49. Nb3 Nb5 50. Na1 Nxd4 51. Kc1 Kf7 0-1

[Event "World Youth Girl U14 2016"]
[Site "Khanty-Mansiysk RUS"]
[Date "2016.09.26"]
[Round "5.35"]
[White "Zavgorodneva, Ekaterina"]
[Black "Mairambekova, Aiperi"]
[Result "0-1"]
[WhiteElo "1512"]
[BlackElo "1329"]
[WhiteFideId "34139351"]
[BlackFideId "13801511"]
[EventDate "2016.09.22"]

1. e4 e5 2. Nf3 Nc6 3. Nc3 Nf6 4. d4 exd4 5. Nxd4 Bc5 6. Be3 Bxd4 7. Bxd4 Nxd4
8. Qxd4 O-O 9. O-O-O d6 10. f3 Be6 11. g4 Nd7 12. Be2 Qg5+ 13. Kb1 Qe5 14. Qe3
a5 15. Nd5 Bxd5 16. Rxd5 Qe6 17. h4 c6 18. Rd2 d5 19. Qd4 Nf6 20. g5 Nh5 21.
exd5 cxd5 22. Qxd5 Nf4 23. Qxe6 Nxe6 24. Rd7 Nc5 25. Rc7 b6 26. Rc6 Rab8 27. Rd1
Rfe8 28. Bb5 Re6 29. Rxe6 Nxe6 30. Rd7 Rd8 31. Rxd8+ Nxd8 32. c3 f6 33. gxf6
gxf6 34. Bd7 Kg7 35. Bg4 Kg6 36. f4 f5 37. Bf3 Ne6 38. Kc2 Nxf4 39. Kd2 Kf6 40.
Ke3 Ng6 41. h5 Ne5 42. Be2 Kg5 43. a4 Ng4+ 44. Kf3 Kxh5 45. b4 Kg5 46. b5 Nf6
47. c4 Ne4 48. Bd3 Nc5 49. Bc2 f4 0-1

[Event "World Youth Girl U14 2016"]
[Site "Khanty-Mansiysk RUS"]
[Date "2016.09.28"]
[Round "6.1"]
[White "Maltsevskaya, Aleksandra"]
[Black "Solozhenkina, Elizaveta"]
[Result "1-0"]
[BlackTitle "WFM"]
[WhiteElo "2319"]
[BlackElo "2320"]
[WhiteFideId "24174041"]
[BlackFideId "34106615"]
[EventDate "2016.09.22"]

1. e4 c5 2. Nf3 d6 3. d4 cxd4 4. Nxd4 Nf6 5. Nc3 a6 6. g3 e5 7. Nb3 Be7 8. Bg2
O-O 9. O-O Be6 10. Re1 Nbd7 11. a4 Rc8 12. Nd2 Nb6 13. a5 Nc4 14. Nxc4 Rxc4 15.
Be3 Qc7 16. Qd2 Rc8 17. Bb6 Qb8 18. Bf1 R4c6 19. Rac1 Bd8 20. Nd5 Bxd5 21. exd5
Rxb6 22. axb6 Bxb6 23. h3 Rc5 24. c4 Rc8 25. b4 Bd4 26. Kh2 Qa7 27. Rc2 g6 28.
Bg2 Kg7 29. Rec1 b6 30. Ra2 Qb7 31. Rac2 Qa7 32. Qe2 Nd7 33. Ra2 Ra8 34. Qc2 Rc8
35. Qa4 Nb8 36. Qd1 Qd7 37. h4 f5 38. Re2 Qe7 39. Qxd4 1-0

[Event "World Youth Girl U14 2016"]
[Site "Khanty-Mansiysk RUS"]
[Date "2016.09.28"]
[Round "6.2"]
[White "Zhu, Jiner"]
[Black "Antova, Gabriela"]
[Result "1-0"]
[BlackTitle "FM"]
[WhiteElo "2024"]
[BlackElo "2253"]
[WhiteFideId "8608059"]
[BlackFideId "2915235"]
[EventDate "2016.09.22"]

1. e4 c5 2. Nf3 d6 3. d4 Nf6 4. Nc3 cxd4 5. Nxd4 a6 6. Be3 e6 7. f3 Nbd7 8. Qd2
b5 9. O-O-O Bb7 10. g4 Nb6 11. Bd3 Rc8 12. Kb1 d5 13. g5 Nfd7 14. exd5 Nxd5 15.
Nxd5 Bxd5 16. Be4 Bxe4 17. fxe4 Be7 18. h4 Qc7 19. Qg2 Nc5 20. h5 Qe5 21. Rh4
O-O 22. Nf3 Qc7 23. e5 Rfd8 24. Rhd4 Rxd4 25. Bxd4 Qc6 26. Bxc5 Bxc5 27. Qe2 Be7
28. Nd4 Qb6 29. g6 hxg6 30. hxg6 fxg6 31. Qg4 Rd8 32. Rd3 Rd5 33. c3 b4 34. c4
Rxe5 35. Qxg6 Qc5 36. Rd1 Bf8 37. Rf1 Qc7 38. Nxe6 1-0

[Event "World Youth Girl U14 2016"]
[Site "Khanty-Mansiysk RUS"]
[Date "2016.09.28"]
[Round "6.3"]
[White "Salonika, Saina"]
[Black "Badelka, Olga"]
[Result "1/2-1/2"]
[WhiteTitle "WCM"]
[WhiteElo "2093"]
[BlackElo "2222"]
[WhiteFideId "25013971"]
[BlackFideId "13509926"]
[EventDate "2016.09.22"]

1. e4 c5 2. Nc3 Nc6 3. f4 g6 4. Nf3 Bg7 5. Bb5 Nd4 6. O-O Nxb5 7. Nxb5 d6 8. d3
Nf6 9. Qe1 O-O 10. Qh4 c4 11. Nc3 cxd3 12. cxd3 Qd7 13. h3 b5 14. f5 b4 15. Nd5
Bb7 16. Bh6 Nxd5 17. exd5 f6 18. fxg6 hxg6 19. Bxg7 Kxg7 20. Qe4 e5 21. dxe6
Bxe4 22. exd7 Bc6 23. Rac1 Bxd7 24. Rc7 Rf7 25. Ng5 fxg5 26. Rxf7+ Kxf7 27.
Rxd7+ Ke6 28. Rg7 Kf6 29. Rd7 Ke6 30. Rb7 a5 31. Rb5 Kf6 32. Kf2 Rc8 33. Rxa5
Rc2+ 34. Kf3 Rxb2 35. Rb5 Rxa2 1/2-1/2

[Event "World Youth Girl U14 2016"]
[Site "Khanty-Mansiysk RUS"]
[Date "2016.09.28"]
[Round "6.4"]
[White "Zotova, Anastasia"]
[Black "Priyanka, Nutakki"]
[Result "1-0"]
[WhiteTitle "WFM"]
[WhiteElo "2171"]
[BlackElo "2070"]
[WhiteFideId "34124907"]
[BlackFideId "25049615"]
[EventDate "2016.09.22"]

1. e4 e6 2. d4 d5 3. Nc3 Bb4 4. e5 c5 5. a3 Bxc3+ 6. bxc3 Ne7 7. Qg4 Qc7 8. Qxg7
Rg8 9. Qxh7 cxd4 10. Ne2 Nbc6 11. f4 dxc3 12. h4 Bd7 13. h5 O-O-O 14. Qd3 d4 15.
Rb1 Nf5 16. Rg1 Kb8 17. g4 Nh6 18. Bh3 Bc8 19. a4 Qa5 20. Qc4 d3 21. Qxc6 dxe2
22. Rb5 Rd1+ 23. Kxe2 Rxg1 24. Be3 Qd8 25. Bxg1 Qd2+ 26. Kf3 Qd1+ 27. Kg2 Qe2+
28. Kh1 Nxg4 29. Bg2 Ka8 30. Qc5 Ne3 31. Qxc8+ Rxc8 32. Bxb7+ Kb8 33. Ba6+ Qxb5
34. axb5 Rh8 35. Bxe3 Rxh5+ 36. Kg2 Rh8 37. Bd4 Rh4 38. Kg3 Rh1 39. Bxc3 Rc1 40.
Bb4 Rxc2 41. Bd6+ Ka8 42. Kg4 Rg2+ 43. Kh5 Rg8 44. Kh6 Rg4 45. Be7 Rxf4 46. Kg7
Kb8 47. Bf6 Kc7 48. Kxf7 Kd7 49. Bb7 Rb4 50. Bc6+ Kc7 51. Kxe6 a5 52. Kd5 Rb1
53. e6 Rd1+ 54. Kc4 1-0

[Event "World Youth Girl U14 2016"]
[Site "Khanty-Mansiysk RUS"]
[Date "2016.09.28"]
[Round "6.5"]
[White "Beydullayeva, Govhar"]
[Black "Goltseva, Ekaterina"]
[Result "1/2-1/2"]
[WhiteTitle "WCM"]
[BlackTitle "WFM"]
[WhiteElo "1994"]
[BlackElo "2212"]
[WhiteFideId "13413015"]
[BlackFideId "24173770"]
[EventDate "2016.09.22"]

1. d4 d5 2. c4 dxc4 3. e3 e5 4. Bxc4 exd4 5. exd4 Bd6 6. Nf3 Nf6 7. Qe2+ Qe7 8.
Qxe7+ Bxe7 9. O-O O-O 10. Nc3 a6 11. Bf4 Bd6 12. Be5 Nbd7 13. a4 Nb6 14. Bb3 Bf5
15. Bxf6 gxf6 16. a5 Nd7 17. Nh4 Be6 18. Bc2 Bc4 19. Rfe1 Rfe8 20. Bf5 Be6 21.
Bd3 Rad8 22. Nf5 Bf8 23. Re3 Bxf5 24. Bxf5 Nb8 25. Ne4 Bg7 26. Nc5 Rf8 27. Nxb7
Rxd4 28. Rb3 Nc6 29. f3 Bh6 30. Be4 Rb4 31. Rxb4 Nxb4 32. Rd1 Rb8 33. Rd8+ Rxd8
34. Nxd8 Bc1 35. b3 h6 36. Nb7 Be3+ 37. Kf1 Kf8 38. Ke2 Bd4 39. Nd8 Ke7 40. Nc6+
Nxc6 41. Bxc6 Bc3 42. Bb7 Bxa5 43. Bxa6 Bb4 44. Bd3 Bd6 45. g3 Bc5 46. f4 Bd4
47. Kf3 c5 48. Ke4 Bc3 49. Kf5 Kf8 50. Bc4 Kg7 51. Ke4 Kf8 52. Kd5 Bb4 53. Kd6
Ba3 1/2-1/2

[Event "World Youth Girl U14 2016"]
[Site "Khanty-Mansiysk RUS"]
[Date "2016.09.28"]
[Round "6.6"]
[White "Serikbay, Assel"]
[Black "Gomez Barrera, Javiera Belen"]
[Result "1-0"]
[WhiteTitle "WFM"]
[BlackTitle "WFM"]
[WhiteElo "1996"]
[BlackElo "2027"]
[WhiteFideId "13706799"]
[BlackFideId "3418723"]
[EventDate "2016.09.22"]

1. d4 Nf6 2. Nf3 e6 3. c4 Bb4+ 4. Bd2 Qe7 5. g3 Nc6 6. Bg2 Bxd2+ 7. Qxd2 Ne4 8.
Qc2 Qb4+ 9. Nc3 Nxc3 10. Qxc3 Qxc3+ 11. bxc3 Na5 12. Nd2 d6 13. O-O O-O 14. f4
Rb8 15. Rfe1 b6 16. e4 Ba6 17. Bf1 c5 18. d5 e5 19. fxe5 dxe5 20. Bd3 f6 21. Kf2
Kf7 22. Ke3 Ke7 23. g4 b5 24. cxb5 Bxb5 25. c4 Ba6 26. Rab1 g6 27. Rec1 Rxb1 28.
Rxb1 Kd6 29. Rf1 Ke7 30. Rf3 g5 31. Be2 Kf7 32. Kd3 Rb8 33. Kc2 Rb6 34. Rh3 Kg7
35. Ra3 Nb7 36. Kc3 Nd6 37. Bd3 Kf7 38. Nb3 Nb7 39. Na5 Nd8 40. Nb3 Nb7 41. Nc1
Nd6 42. Ne2 Ke7 43. Ng3 Kd7 44. Nh5 Ne8 45. Ra5 Kd6 46. Ng3 Bc8 47. Rxa7 Bxg4
48. Rxh7 Ra6 49. Kb2 Rb6+ 50. Kc1 Ra6 51. Be2 Bd7 52. Bh5 Nc7 53. Bg6 Na8 54.
Nh5 Ra4 55. Nxf6 Rxc4+ 56. Kd2 Rd4+ 57. Ke3 Nb6 58. Nxd7 Nxd7 59. Bf5 Nb6 60.
Rh6+ Kc7 61. Rc6+ Kb7 62. Rxc5 Nc4+ 63. Kf3 Nd2+ 64. Kg4 Nxe4 65. Bxe4 Rxe4+ 66.
Kxg5 Re2 67. h4 Rxa2 68. d6 e4 69. Kf4 Rd2 70. Kxe4 Rxd6 71. Kf4 Rg6 72. h5 Rg1
73. Kf5 Kb6 74. Rc2 Rb1 75. Kg6 Rg1+ 76. Kh7 Rg5 77. h6 Kb7 78. Kh8 Rg1 79. Kh7
Rg3 80. Rf2 Kc7 81. Rf7+ Kd6 82. Rg7 Ra3 83. Kg6 Ra8 84. Kf7 Ke5 85. Rg8 Ra7+
86. Kg6 Ra6+ 87. Kg5 1-0

[Event "World Youth Girl U14 2016"]
[Site "Khanty-Mansiysk RUS"]
[Date "2016.09.28"]
[Round "6.7"]
[White "Wang, Annie"]
[Black "Dongo, Melanie"]
[Result "1-0"]
[WhiteTitle "WIM"]
[WhiteElo "2013"]
[BlackElo "1981"]
[WhiteFideId "2053900"]
[BlackFideId "3813444"]
[EventDate "2016.09.22"]

1. d4 Nf6 2. c4 g6 3. Nc3 Bg7 4. e4 d6 5. Nf3 O-O 6. Be2 e5 7. Be3 Nc6 8. d5 Ne7
9. Nd2 Nd7 10. b4 a5 11. a3 f5 12. f3 b6 13. Rc1 h6 14. Nb5 Ba6 15. c5 Bxb5 16.
Bxb5 bxc5 17. bxc5 Nxc5 18. Bxc5 dxc5 19. Rxc5 fxe4 20. Nxe4 Nf5 21. Qd2 Nd4 22.
Qa2 Kh7 23. O-O h5 24. Rfc1 Ra7 25. Qc4 Qh4 26. Qd3 Rf7 27. Be8 Re7 28. g3 Nxf3+
29. Qxf3 Qg4 30. Qxg4 hxg4 31. Bb5 Bh6 32. R1c3 Rf7 33. Be8 Re7 34. Rc6 Rg7 35.
Nf6+ Kh8 36. Nxg4 Bg5 37. Nxe5 Bd2 38. Rd3 Bh6 39. Bxg6 1-0

[Event "World Youth Girl U14 2016"]
[Site "Khanty-Mansiysk RUS"]
[Date "2016.09.28"]
[Round "6.8"]
[White "Koroleva, Evgeniya"]
[Black "Vantika, Agrawal"]
[Result "0-1"]
[WhiteElo "1970"]
[BlackElo "2012"]
[WhiteFideId "34124010"]
[BlackFideId "25050389"]
[EventDate "2016.09.22"]

1. d4 Nf6 2. c4 g6 3. Nc3 Bg7 4. e4 d6 5. Be2 O-O 6. Bg5 Na6 7. Qd2 e5 8. d5 c6
9. f3 cxd5 10. cxd5 Bd7 11. Bd1 b5 12. a3 b4 13. axb4 Nxb4 14. Nge2 Qb8 15. O-O
Rc8 16. Na4 Be8 17. Nec3 Nd7 18. Be2 a5 19. Rfb1 f5 20. g3 f4 21. Bh4 Nb6 22.
Nxb6 Qxb6+ 23. Kg2 Qd4 24. Rd1 Qxd2 25. Rxd2 fxg3 26. Bg5 gxh2 27. Bd1 Kf7 28.
Kxh2 Bf6 29. Be3 Bh4 30. Be2 Ke7 31. Ra3 Bd7 32. Bd1 Ke8 33. Kg1 h5 34. Bb6 Bd8
35. Bxd8 Rxd8 36. Ba4 Rdc8 37. Bxd7+ Kxd7 38. Kh2 Ra6 39. Rd1 Nc2 40. Ra2 Nd4
41. Kg3 Rf8 42. Rd3 Raa8 43. Ra1 g5 44. Na4 h4+ 45. Kf2 Rab8 46. Rg1 Rb4 47. Ra3
Rg8 48. Ra2 h3 49. Rh1 g4 50. fxg4 Rf8+ 51. Kg3 Rf3+ 52. Kh4 Rb8 53. Ra3 Rh8+
54. Kg5 Rg8+ 55. Kh5 Rf7 56. Kh4 Ne2 57. Kxh3 Rh7+ 58. Kg2 Nf4+ 59. Kg3 Rxh1 60.
Nb6+ Ke7 61. Nc4 Rh3+ 0-1

[Event "World Youth Girl U14 2016"]
[Site "Khanty-Mansiysk RUS"]
[Date "2016.09.28"]
[Round "6.9"]
[White "Zahedifar, Anahita"]
[Black "Palma, Maria"]
[Result "1-0"]
[WhiteTitle "WFM"]
[WhiteElo "2081"]
[BlackElo "1925"]
[WhiteFideId "12560715"]
[BlackFideId "898481"]
[EventDate "2016.09.22"]

1. d4 Nf6 2. c4 c5 3. d5 b5 4. Nf3 bxc4 5. Nc3 d6 6. e4 g6 7. e5 dxe5 8. Nxe5
Bg7 9. Bxc4 O-O 10. O-O a6 11. Re1 Qc7 12. d6 exd6 13. Nxf7 Rxf7 14. Nd5 Nxd5
15. Bxd5 Nc6 16. Re8+ Bf8 17. Bh6 Bb7 18. Qe1 Ne5 19. Rxa8 Bxd5 20. Rxf8+ Rxf8
21. Bxf8 Kxf8 22. Qd2 Bb7 23. f4 Nc6 24. Rc1 Qe7 25. Re1 Qf6 26. Qe2 Qf7 27. Qg4
Nd4 28. Qg5 Ne6 29. Qh6+ Kg8 30. Qh4 Kf8 31. Qg3 Nd4 32. Qg5 Ne6 33. Qh4 Kg8 34.
f5 Qxf5 35. Qe7 Nd4 36. Qxb7 1-0

[Event "World Youth Girl U14 2016"]
[Site "Khanty-Mansiysk RUS"]
[Date "2016.09.28"]
[Round "6.10"]
[White "Ouellet, Maili-Jade"]
[Black "Grischenko, Kamila"]
[Result "1-0"]
[WhiteTitle "WCM"]
[WhiteElo "1992"]
[BlackElo "1839"]
[WhiteFideId "2620472"]
[BlackFideId "14147491"]
[EventDate "2016.09.22"]

1. d4 d6 2. c4 e5 3. Nf3 e4 4. Nfd2 f5 5. e3 Nf6 6. Nc3 g6 7. f3 exf3 8. Nxf3
Bg7 9. Bd3 O-O 10. O-O c6 11. Qc2 Na6 12. a3 Nc7 13. e4 fxe4 14. Nxe4 Nxe4 15.
Bxe4 Bg4 16. Bg5 Qd7 17. d5 cxd5 18. cxd5 Rae8 19. Rad1 Nb5 20. Rd2 Bxf3 21.
gxf3 Qh3 22. Qc4 Nc7 23. Rg2 Qd7 24. h4 Na6 25. h5 gxh5 26. Qc2 Kh8 27. b4 Bd4+
28. Kh2 Rc8 29. Qd2 Bc3 30. Qf2 Nc7 31. Qh4 Qf7 32. f4 Nxd5 33. Bxd5 Qxd5 34.
Qxh5 Qf5 35. Qd1 d5 36. Rf3 Rf7 37. Rxc3 1-0

[Event "World Youth Girl U14 2016"]
[Site "Khanty-Mansiysk RUS"]
[Date "2016.09.28"]
[Round "6.11"]
[White "Voskresenskaya, Marta"]
[Black "Swiech, Joanna"]
[Result "1-0"]
[WhiteElo "1835"]
[BlackElo "1962"]
[WhiteFideId "34127795"]
[BlackFideId "1183486"]
[EventDate "2016.09.22"]

1. d4 Nf6 2. Nf3 e6 3. c4 b6 4. Nc3 Bb7 5. Qc2 Bb4 6. Bd2 O-O 7. e3 Bxc3 8. Bxc3
Be4 9. Bd3 Bxd3 10. Qxd3 Qe7 11. O-O d6 12. e4 Nfd7 13. b4 c5 14. bxc5 bxc5 15.
d5 e5 16. Rfb1 Na6 17. Rb3 Rfb8 18. Rab1 Qd8 19. Nd2 Qc7 20. a3 Nf8 21. g3 Rxb3
22. Rxb3 Rb8 23. Qb1 Rxb3 24. Qxb3 Qb6 25. Qa4 Nb8 26. Qb5 Qc7 27. Ba5 Qc8 28.
Nb3 Nfd7 29. Bc3 a6 30. Qa5 g6 31. Nd2 h6 32. Kg2 g5 33. Qa4 Qf8 34. Qd1 Qg7 35.
Qf3 Nb6 36. Ba5 N8d7 37. Qb3 1-0

[Event "World Youth Girl U14 2016"]
[Site "Khanty-Mansiysk RUS"]
[Date "2016.09.28"]
[Round "6.12"]
[White "Vinokur, Yuliya"]
[Black "Makhija, Aashna"]
[Result "1-0"]
[WhiteElo "1956"]
[BlackElo "1830"]
[WhiteFideId "34127515"]
[BlackFideId "25011944"]
[EventDate "2016.09.22"]

1. d4 d5 2. c4 e6 3. Nc3 Nf6 4. Bg5 Be7 5. e3 h6 6. Bh4 O-O 7. Nf3 b6 8. cxd5
Nxd5 9. Bxe7 Qxe7 10. Rc1 Bb7 11. Be2 Rd8 12. O-O c5 13. Qc2 Nd7 14. Nxd5 Bxd5
15. e4 Bb7 16. Bd3 Rac8 17. Qe2 Qf6 18. Ba6 Bxa6 19. Qxa6 Ra8 20. e5 Qe7 21. a3
cxd4 22. b4 Nb8 23. Qc4 Qd7 24. Rfd1 d3 25. Rc3 b5 26. Qe4 Na6 27. Rcxd3 Qe8 28.
Nd4 Nc7 29. Qb7 Rd7 30. Nc6 Rxd3 31. Rxd3 Nd5 32. Nxa7 Rb8 33. Qc6 Qxc6 34. Nxc6
Rc8 35. Rxd5 Rxc6 36. Rd8+ Kh7 37. g3 Rc3 38. Rb8 Rxa3 39. Rxb5 Rb3 40. Kf1 Rb2
41. Rb7 Kg6 42. b5 Rb4 43. b6 Rb5 44. f4 h5 45. Ke2 Rb3 46. Kd2 f6 47. Kc2 Rb5
48. exf6 Kxf6 49. Kc3 Rb1 50. Kd4 Rd1+ 51. Kc5 Rb1 52. Rc7 Rb2 53. b7 Rc2+ 54.
Kd6 Rd2+ 55. Kc6 Rc2+ 56. Kd7 Rd2+ 57. Kc8 1-0

[Event "World Youth Girl U14 2016"]
[Site "Khanty-Mansiysk RUS"]
[Date "2016.09.28"]
[Round "6.13"]
[White "Urh, Zala"]
[Black "Nomindalai, Tumurbaatar"]
[Result "1-0"]
[WhiteTitle "WFM"]
[BlackTitle "CM"]
[WhiteElo "1939"]
[BlackElo "1757"]
[WhiteFideId "14611481"]
[BlackFideId "4904095"]
[EventDate "2016.09.22"]

1. e4 d5 2. exd5 Nf6 3. d4 Bg4 4. f3 Bf5 5. Bb5+ Nbd7 6. Nc3 a6 7. Ba4 b5 8. Bb3
Nb6 9. Nge2 Nfxd5 10. Nxd5 Nxd5 11. O-O e6 12. Ng3 Bg6 13. f4 Be7 14. f5 Bxf5
15. Nxf5 exf5 16. Rxf5 Nf6 17. Qf3 O-O 18. c3 b4 19. g4 bxc3 20. bxc3 g6 21. Rf4
h6 22. h4 Qd6 23. g5 hxg5 24. hxg5 Nh5 25. Rxf7 Kh8 26. Be3 Rae8 27. Rf1 Rxf7
28. Bxf7 Rf8 29. Qg4 Qg3+ 30. Qxg3 Nxg3 31. Rf3 Bd6 32. Kg2 Nf5 33. Rh3+ Kg7 34.
Bc4 Rh8 35. Bd2 Rb8 36. Bb3 a5 37. Kf3 a4 38. Bxa4 Rb2 39. Bf4 Rxa2 40. Bd7 Rc2
41. Ke4 Bxf4 42. Kxf4 Ne7 43. Be6 Rc1 44. d5 Rd1 45. Ke4 Rg1 46. Rf3 Re1+ 47.
Kd4 Nc6+ 48. Kc5 Nd8 49. Bc8 Re5 50. Rg3 c6 51. c4 cxd5 52. cxd5 Nf7 53. Kc6
Nxg5 54. d6 Nf7 55. d7 Re2 56. Kc7 Rc2+ 57. Kb6 Rd2 58. Re3 g5 59. Re8 Rb2+ 60.
Kc7 Rc2+ 61. Kb8 Rb2+ 62. Bb7 Rd2 63. Kc7 Rc2+ 64. Bc6 g4 65. Re4 Rg2 66. Bd5
Rc2+ 67. Rc4 Rd2 68. Rxg4+ Kf8 69. Bxf7 1-0

[Event "World Youth Girl U14 2016"]
[Site "Khanty-Mansiysk RUS"]
[Date "2016.09.28"]
[Round "6.14"]
[White "Mishra, Anwesha"]
[Black "Sibajeva, Marija"]
[Result "1/2-1/2"]
[WhiteTitle "WFM"]
[BlackTitle "WCM"]
[WhiteElo "1819"]
[BlackElo "1913"]
[WhiteFideId "35002767"]
[BlackFideId "12807583"]
[EventDate "2016.09.22"]

1. d4 Nf6 2. c4 c5 3. d5 e6 4. Nc3 exd5 5. cxd5 d6 6. Nf3 g6 7. Nd2 Na6 8. e4
Nc7 9. Be2 Bg7 10. O-O O-O 11. a4 b6 12. Nc4 Ba6 13. Bf4 Bxc4 14. Bxc4 Re8 15.
Qd3 a6 16. f3 Qe7 17. e5 dxe5 18. d6 Qd8 19. Bg3 Ne6 20. Bxe5 Nd4 21. Bxd4 cxd4
22. Qxd4 Ne4 23. Bxf7+ Kf8 24. Qd5 Nxc3 25. bxc3 Re5 26. Qb3 Qxd6 27. Bg8 Re7
28. Bd5 Rc8 29. Rac1 Re3 30. Bg8 Re7 31. Bxh7 Re6 32. Rce1 Rce8 33. Re4 1/2-1/2

[Event "World Youth Girl U14 2016"]
[Site "Khanty-Mansiysk RUS"]
[Date "2016.09.28"]
[Round "6.15"]
[White "Mangalam, Shreya B"]
[Black "Aciu, Malina-Andreea"]
[Result "0-1"]
[WhiteElo "1739"]
[BlackElo "1876"]
[WhiteFideId "2085070"]
[BlackFideId "1240323"]
[EventDate "2016.09.22"]

1. e4 c5 2. Nf3 d6 3. d4 cxd4 4. Nxd4 Nf6 5. Nc3 a6 6. Be2 e6 7. O-O Nc6 8. Be3
Be7 9. f4 Bd7 10. Kh1 O-O 11. Qe1 Nxd4 12. Bxd4 Bc6 13. Qg3 b5 14. a3 Qc7 15.
Rae1 Rfd8 16. Bd3 Ne8 17. Qh3 e5 18. Be3 exf4 19. Bxf4 Qc8 20. Qg3 Bf6 21. e5
dxe5 22. Bxe5 Bxe5 23. Rxe5 Qb8 24. Qf2 Ra7 25. Rh5 g6 26. Rh6 Qc7 27. Be4 Bxe4
28. Nxe4 f5 29. Ng5 Nf6 30. Nxh7 Nxh7 31. Rxg6+ Kh8 32. Qe3 f4 33. Qe4 Qc5 34.
Qe6 Qe3 35. Qf5 Rad7 36. Qg4 Qf2 37. Rg1 Qxc2 38. Qh5 Qe4 39. Rxa6 Rg7 40. Qh3
Rd3 41. Re6 Qd5 42. Re8+ Rg8 43. Rxg8+ Kxg8 44. Qg4+ Qg5 45. Qe6+ Kg7 46. Rc1
Nf6 47. Qa2 f3 48. Rc7+ Kh6 0-1

[Event "World Youth Girl U14 2016"]
[Site "Khanty-Mansiysk RUS"]
[Date "2016.09.28"]
[Round "6.17"]
[White "Kvendseth, Thyra"]
[Black "Grigorieva, Yulia"]
[Result "0-1"]
[WhiteElo "1745"]
[BlackElo "1923"]
[WhiteFideId "1520628"]
[BlackFideId "34104868"]
[EventDate "2016.09.22"]

1. d4 d5 2. c4 c6 3. e3 Nf6 4. Nf3 e6 5. Nc3 Nbd7 6. Be2 a6 7. cxd5 exd5 8. O-O
Bd6 9. Qc2 O-O 10. Bd3 Re8 11. h3 Nf8 12. Na4 Ne4 13. Nc5 f5 14. b3 Ne6 15. Ba3
Bb8 16. Bb2 N6xc5 17. dxc5 Qc7 18. Rfc1 Re6 19. Kf1 Rg6 20. Nh4 Rh6 21. Nf3 Qf7
22. Ke2 Bc7 23. b4 Bd7 24. a4 Re8 25. Bd4 f4 26. Rf1 fxe3 27. Bxe3 Rg6 28. Nh4
Rf6 29. Bxe4 Rxe4 30. Nf3 Rxb4 31. Qc3 Rc4 32. Qb3 Bc8 33. Nd2 Rh4 34. Nf3 Rc4
35. Nd2 Rh4 36. Nf3 Re4 37. Nd2 Re8 38. Kd1 Be5 39. Rb1 h6 40. f3 Re7 41. Re1
Bg3 42. Re2 Rfe6 43. Qd3 Bf4 44. Nf1 d4 45. Bxf4 Rxe2 46. g3 Bf5 0-1